| 000 | 01145nam0a2200313 4500 | ||
|---|---|---|---|
| 001 | RU\NLR\bibl\441173 | ||
| 005 | 20260406145945.0 | ||
| 010 |
_a5-271-06475-1 _bАстрель |
||
| 010 |
_a5-17-018930-3 _bАСТ _910000 |
||
| 021 |
_aRU _b2003-41681 _91983 |
||
| 035 | _a(NLR Aleph) 000434910 | ||
| 090 |
_a777623 _c777623 |
||
| 100 | _a20031001d2003 |||y0rusy50 ca | ||
| 101 | 0 | _arus | |
| 102 | _aRU | ||
| 105 | _aa ||||||||| | ||
| 200 | 1 |
_aДетки в клетке _e[Стихи _eДля дошк. возраста] _fС. Маршак _gХудож. И. Кострина |
|
| 210 |
_aБалашиха _cАстрель _aс. Новокаякент (Респ. Дагестан) _cАСТ _d2003 |
||
| 215 |
_a56, [7] с. _cцв. ил. _d22 |
||
| 300 | _aНа тит. л. в вых. дан.: Планета детства | ||
| 686 | _aШ9(2)60=Р7-5 | ||
| 700 | 1 |
_4070 _8rus _7ca _aМаршак _bС. Я. _f1887-1964 _gСамуил Яковлевич _3RU\NLR\auth\774792 _9114767 |
|
| 801 | 0 |
_aRU _bNLR _c20031001 _gPSBO |
|
| 801 | 1 |
_aRU _bNLR _c20031001 |
|
| 942 | _cBOOK | ||
| 980 | _aNB | ||
| 980 | _aNBR | ||